|
|
|
|
| LEADER |
00000nam0a2200000 4500 |
| 001 |
109517 |
| 005 |
20231031120037.0 |
| 020 |
|
|
|a RU
|b 87-86191
|
| 035 |
|
|
|a (RuTPU)RU\TPU\book\118256
|
| 090 |
|
|
|a 109517
|
| 100 |
|
|
|a 20070208d1987 k y0rusy5003 ca
|
| 101 |
0 |
|
|a rus
|
| 102 |
|
|
|a RU
|
| 105 |
|
|
|a y z 001zy
|
| 200 |
1 |
|
|a Основные проблемы современной металлогении. Вопросы теории и практики
|f А. Д. Щеглов
|
| 210 |
|
|
|a Ленинград
|c Недра
|d 1987
|
| 215 |
|
|
|a 232 с.
|
| 320 |
|
|
|a Библиогр.: с. 223-229.
|
| 610 |
1 |
|
|a металлогения
|
| 610 |
1 |
|
|a проблемы
|
| 610 |
1 |
|
|a теория
|
| 610 |
1 |
|
|a практика
|
| 610 |
1 |
|
|a законы
|
| 610 |
1 |
|
|a рудоносность
|
| 610 |
1 |
|
|a металлогенические исследования
|
| 675 |
|
|
|a 553.078
|v 3
|
| 700 |
|
1 |
|a Щеглов
|b А. Д.
|g Алексей Дмитриевич
|4 070
|
| 801 |
|
0 |
|a RU
|b RuMRKP
|c 19950417
|g psbo
|
| 801 |
|
1 |
|a RU
|b 63413507
|c 20070208
|g PSBO
|
| 801 |
|
2 |
|a RU
|b 63413507
|c 20191125
|g PSBO
|
| 942 |
|
|
|c BK
|